<?xml version="1.0" encoding="UTF-8"?>
<record
    xmlns:xsi="http://www.w3.org/2001/XMLSchema-instance"
    xsi:schemaLocation="http://www.loc.gov/MARC21/slim http://www.loc.gov/standards/marcxml/schema/MARC21slim.xsd"
    xmlns="http://www.loc.gov/MARC21/slim">

  <leader>00643nam a2200205 i 4500</leader>
  <controlfield tag="001">bg</controlfield>
  <datafield tag="245" ind1="0" ind2="0">
    <subfield code="a">Prawo pracy, ubezpieczenia spo&#x142;eczne :</subfield>
    <subfield code="b">zbi&#xF3;r ujednoliconych przepis&#xF3;w.</subfield>
  </datafield>
  <datafield tag="250" ind1=" " ind2=" ">
    <subfield code="a">Stan prawny na dzie&#x144; 10 lutego 2000 r.</subfield>
  </datafield>
  <datafield tag="260" ind1=" " ind2=" ">
    <subfield code="a">Warszawa :</subfield>
    <subfield code="b">Wydaw. AD. Dr&#x105;gowski,</subfield>
    <subfield code="c">2000.</subfield>
  </datafield>
  <datafield tag="300" ind1=" " ind2=" ">
    <subfield code="a">245 s. ;</subfield>
    <subfield code="c">29 cm.</subfield>
  </datafield>
  <datafield tag="650" ind1=" " ind2="9">
    <subfield code="a">Prawo pracy</subfield>
    <subfield code="z">Polska</subfield>
    <subfield code="y">stan na 2000 r.</subfield>
  </datafield>
  <datafield tag="650" ind1=" " ind2="9">
    <subfield code="a">Ubezpieczenia spo&#x142;eczne</subfield>
    <subfield code="x">prawo</subfield>
    <subfield code="z">Polska</subfield>
    <subfield code="y">stan na 2000 r.</subfield>
  </datafield>
  <datafield tag="020" ind1=" " ind2=" ">
    <subfield code="a">8387924245</subfield>
  </datafield>
  <datafield tag="040" ind1=" " ind2=" ">
    <subfield code="c">BPK</subfield>
  </datafield>
  <datafield tag="041" ind1="0" ind2=" ">
    <subfield code="a">pl</subfield>
  </datafield>
  <datafield tag="080" ind1=" " ind2=" ">
    <subfield code="a">349.2+349.3](438)(094.4)</subfield>
  </datafield>
  <datafield tag="920" ind1=" " ind2=" ">
    <subfield code="a">83-87924-24-5</subfield>
  </datafield>
  <datafield tag="942" ind1=" " ind2=" ">
    <subfield code="c">KS</subfield>
  </datafield>
  <controlfield tag="008">      s        pl     f     |000 0 pol  </controlfield>
  <datafield tag="999" ind1=" " ind2=" ">
    <subfield code="c">36709</subfield>
    <subfield code="d">36709</subfield>
  </datafield>
  <datafield tag="856" ind1=" " ind2=" ">
    <subfield code="u">http://koha.tu.koszalin.pl/cgi-bin/koha/opac-detail.pl?biblionumber=36709</subfield>
    <subfield code="y">Katalog online BPK</subfield>
  </datafield>
  <datafield tag="952" ind1=" " ind2=" ">
    <subfield code="0">0</subfield>
    <subfield code="1">0</subfield>
    <subfield code="4">0</subfield>
    <subfield code="7">0</subfield>
    <subfield code="a">BPK</subfield>
    <subfield code="b">BPK</subfield>
    <subfield code="c">w</subfield>
    <subfield code="o">51485</subfield>
    <subfield code="p">01466904</subfield>
    <subfield code="y">KS</subfield>
  </datafield>
</record>
